| 000 | 01227nam0a2200313 4500 | ||
|---|---|---|---|
| 001 | RU\NLR\bibl\47582 | ||
| 005 | 20260405140123.0 | ||
| 010 |
_a5-90014-84-0 _9500 |
||
| 021 |
_aRU _b99-24209 _91177 |
||
| 035 | _a(NLR Aleph) 000046422 | ||
| 090 |
_a246205 _c246205 |
||
| 100 | _a19990916d1998 |||y0rusy50 ca | ||
| 101 | 1 |
_arus _ceng |
|
| 102 | _aRU | ||
| 105 | _ay ||||||||| | ||
| 200 | 1 |
_aСервер Oracle8тм _eСправ. руководство _eУчет. номер А58242-01 _f[Пер. с англ. Б.И. Клочков _gРед. А.П. Соколов] |
|
| 205 | _aВерсия 8.0.4 | ||
| 210 |
_aПротвино _cЗАО РДТЕХ _d1998 |
||
| 215 |
_aРазд. паг. _d23 |
||
| 320 | _aПредм. указ. в конце кн. | ||
| 606 | 0 |
_aORACLE 8.0, система управления базами данных _jСправочники _92081621 _3RU\NLR\auth\661257609 |
|
| 686 | _aЗ988.02-018.2я22 | ||
| 702 | 1 |
_4340 _8rus _7ca _aСоколов _cспециалист в обл. информ. систем _bА. П. _3RU\NLR\auth\7756403 _939335 |
|
| 801 | 0 |
_aRU _bNLR _c19990916 _gPSBO |
|
| 801 | 1 |
_aRU _bNLR _c19990916 |
|
| 852 |
_aNLR _j99-7/1558 |
||
| 942 | _cBOOK | ||
| 980 | _aNB | ||